Alvin's famous no-horse /

With encouragement from his teacher and help from his classmates, eight-year-old Alvin struggles with his efforts to draw a horse for the third-grade art exhibit.

Bibliographic Details
Main Author: Harding, William Harry
Other Authors: Chesworth, Michael (Illustrator)
Format: Book
Language:English
Published: New York : H. Holt, ©1992.
Edition:1st ed.
Series:Redfeather books.
Subjects:

MARC

Tag First Indicator Second Indicator Subfields
LEADER 00000cam a2200000 a 4500
001 in00001456708
005 20230925112327.0
008 920326s1992 nyua j 000 1 eng
010 |a  92013834  
019 |a 37718659 
020 |a 0805022279  |q (alk. paper) 
020 |a 9780805022278  |q (alk. paper) 
020 |a 0805032746 
020 |a 9780805032741 
029 1 |a AU@  |b 000009007922 
029 1 |a NZ1  |b 4198997 
029 1 |a YDXCP  |b 674985 
035 |a (OCoLC)ocm25748242  
035 |a (OCoLC)25748242  |z (OCoLC)37718659 
035 |a (OCoLC)ocm25748242  
040 |a DLC  |b eng  |c DLC  |d VIA  |d OCL  |d BAKER  |d BTCTA  |d YDXCP  |d TOH  |d OCLCO  |d OCLCF  |d OCLCQ  |d OCLCO  |d OCLCQ  |d KFH  |d OCLCO  |d OCLCQ 
042 |a cyac 
050 0 0 |a PZ7.H2183  |b Al 1992 
082 0 4 |a [Fic]  |2 20 
100 1 |a Harding, William Harry. 
245 1 0 |a Alvin's famous no-horse /  |c William Harry Harding ; illustrated by Michael Chesworth. 
250 |a 1st ed. 
260 |a New York :  |b H. Holt,  |c ©1992. 
300 |a 71 pages :  |b illustrations ;  |c 20 cm. 
336 |a text  |b txt  |2 rdacontent 
337 |a unmediated  |b n  |2 rdamedia 
338 |a volume  |b nc  |2 rdacarrier 
490 1 |a Redfeather books 
520 |a With encouragement from his teacher and help from his classmates, eight-year-old Alvin struggles with his efforts to draw a horse for the third-grade art exhibit. 
650 0 |a Drawing  |v Fiction. 
650 1 |a Drawing  |v Fiction. 
650 1 |a Artists  |v Fiction. 
650 1 |a Schools  |v Fiction. 
650 4 |a Donna Harsh Collection. 
650 6 |a Dessin  |v Romans, nouvelles, etc. 
650 7 |a Drawing.  |2 fast  |0 (OCoLC)fst00897725 
655 7 |a Fiction.  |2 fast  |0 (OCoLC)fst01423787 
700 1 |a Chesworth, Michael,  |e illustrator. 
830 0 |a Redfeather books. 
938 |a Baker & Taylor  |b BKTY  |c 14.95  |d 11.21  |i 0805022279  |n 0002128237  |s active 
938 |a Baker & Taylor  |b BKTY  |c 4.95  |d 3.71  |i 0805032746  |n 0002417146  |s active 
938 |a Baker and Taylor  |b BTCP  |n bl 99748488 
938 |a YBP Library Services  |b YANK  |n 675529 
948 |h HELD BY TXA - 214 OTHER HOLDINGS 
994 |a Z0  |b TXA 
999 f f |s 0cff0aa1-0e64-3428-9318-6dd5034aac4d  |i 7153d1ca-1d0a-3b2f-bc80-aee11955a223  |t 0 
952 f f |p ric  |a Texas A&M University  |b Rellis Campus  |c Joint Library Facility  |s JLF  |d Remote Storage  |t 0  |e PZ7.H2183 Al 1992  |h Library of Congress classification  |i unmediated -- volume  |m A14822262489